The noble scholar, jurist, historian


 His Excellency Dr. Abdul Wahhab bin Ibrahim Abu Sulaiman, may Allah have mercy on him.


 He was born in Umm Al-Qura in the year 1356 AH.

الفهرس المختصر لمخطوطات مكتبة الحرم المكي الشريف / (Record no. 1942)

MARC details
000 -LEADER
fixed length control field 01583cam a22003371ia4500
003 - CONTROL NUMBER IDENTIFIER
control field SA-RiAUC
005 - DATE AND TIME OF LATEST TRANSACTION
control field 20241030150127.0
008 - FIXED-LENGTH DATA ELEMENTS--GENERAL INFORMATION
fixed length control field 241030s2006 su g b f00010 ara c
020 ## - INTERNATIONAL STANDARD BOOK NUMBER
International Standard Book Number 9960002632
020 ## - INTERNATIONAL STANDARD BOOK NUMBER
International Standard Book Number 2263009960
020 ## - INTERNATIONAL STANDARD BOOK NUMBER
International Standard Book Number 9960002640
040 ## - CATALOGING SOURCE
Original cataloging agency SA-JeALM
Language of cataloging ara
Transcribing agency SA-RiAUC
Description conventions rda
043 ## - GEOGRAPHIC AREA CODE
Geographic area code a-su---
050 #4 - LIBRARY OF CONGRESS CALL NUMBER
Item number M88 2006
082 04 - DEWEY DECIMAL CLASSIFICATION NUMBER
Classification number 011.31
Assigning agency SA-RiAUC
090 ## - LOCALLY ASSIGNED LC-TYPE CALL NUMBER (OCLC); LOCAL CALL NUMBER (RLIN)
Classification number (OCLC) (R) ; Classification number, CALL (RLIN) (NR) 011.31
Local cutter number (OCLC) ; Book number/undivided call number, CALL (RLIN) م ط ي
100 1# - MAIN ENTRY--PERSONAL NAME
Personal name مطيع الرحمن، محمد بن سيد أحمد
Relator term مؤلف.
245 12 - TITLE STATEMENT
Title الفهرس المختصر لمخطوطات مكتبة الحرم المكي الشريف /
Statement of responsibility, etc. إعداد ومراجعة محمد سيد مطيع الرحمن، عادل جميل عيد ؛ إشراف محمد بن عبدالله باجودة.
264 #1 - PRODUCTION, PUBLICATION, DISTRIBUTION, MANUFACTURE, AND COPYRIGHT NOTICE
Place of production, publication, distribution, manufacture الرياض :
Name of producer, publisher, distributor, manufacturer مكتبة الملك فهد الوطنية،
Date of production, publication, distribution, manufacture, or copyright notice 2006
300 ## - PHYSICAL DESCRIPTION
Extent 4 مجلد ؛
Dimensions 24 سم.
336 ## - CONTENT TYPE
Content type term نص
Content type code txt
Source rdacontent
Materials specified كتاب
337 ## - MEDIA TYPE
Media type term بدون وسيط
Media type code n
Source rdamedia
338 ## - CARRIER TYPE
Carrier type term مجلد
Carrier type code nc
Source rdacarrier
490 0# - SERIES STATEMENT
Series statement مطبوعات مكتبة الملك فهد الوطنية ؛
Volume/sequential designation السلسلة الثالثة ؛
-- 61
610 27 - SUBJECT ADDED ENTRY--CORPORATE NAME
Corporate name or jurisdiction name as entry element المسجد الحرام.
Subordinate unit المكتبة
General subdivision مخطوطات
Form subdivision فهارس
Source of heading or term aucnm
650 #7 - SUBJECT ADDED ENTRY--TOPICAL TERM
Topical term or geographic name entry element المخطوطات العربية
Geographic subdivision مكة المكرمة
Form subdivision ببليوجرافيات
Source of heading or term aucsh
700 1# - ADDED ENTRY--PERSONAL NAME
Personal name عيد، عادل بن جميل بن عبد الرحمن
Relator term مؤلف.
700 1# - ADDED ENTRY--PERSONAL NAME
Personal name باجودة، محمد عبد الله علي،
Dates associated with a name 1379 هجري-
Relator term مشرف.
942 ## - ADDED ENTRY ELEMENTS (KOHA)
Source of classification or shelving scheme Dewey Decimal Classification
Koha item type Books
Suppress in OPAC No
949 ## - LOCAL PROCESSING INFORMATION (OCLC)
a SA-JeALM
d 241030
u mohamedma123
n 1
Holdings
Withdrawn status Lost status Source of classification or shelving scheme Materials specified (bound volume or other part) Damaged status Not for loan Home library Current library Date acquired Total checkouts Full call number Barcode Date last seen Price effective from Koha item type
    Dewey Decimal Classification الجزء الاول     DR AbdElwahab Library DR AbdElwahab Library 10/30/2024   011.31 م ط ي 000002887 10/30/2024 10/30/2024 Books
    Dewey Decimal Classification الجزء الثاني     DR AbdElwahab Library DR AbdElwahab Library 10/30/2024   011.31 م ط ي 000002888 10/30/2024 10/30/2024 Books
    Dewey Decimal Classification الجزء الثالث     DR AbdElwahab Library DR AbdElwahab Library 10/30/2024   011.31 م ط ي 000002889 10/30/2024 10/30/2024 Books
    Dewey Decimal Classification الجزء الرابع     DR AbdElwahab Library DR AbdElwahab Library 10/30/2024   011.31 م ط ي 000002890 10/30/2024 10/30/2024 Books
    Dewey Decimal Classification الجزء الأول     DR AbdElwahab Library DR AbdElwahab Library 06/08/2025   011.31 م ط ي 000014242 06/08/2025 06/08/2025 Books
    Dewey Decimal Classification الجزء الثالث     DR AbdElwahab Library DR AbdElwahab Library 06/08/2025   011.31 م ط ي 000014243 06/08/2025 06/08/2025 Books
    Dewey Decimal Classification الجزء الاول     DR AbdElwahab Library DR AbdElwahab Library 10/08/2025   011.31 م ط ي 000020062 10/08/2025 10/08/2025 Books
    Dewey Decimal Classification الجزء الثاني     DR AbdElwahab Library DR AbdElwahab Library 10/08/2025   011.31 م ط ي 000020063 10/08/2025 10/08/2025 Books
    Dewey Decimal Classification الجزء الثاني     DR AbdElwahab Library DR AbdElwahab Library 10/08/2025   011.31 م ط ي 000020064 10/08/2025 10/08/2025 Books
    Dewey Decimal Classification الجزء الثالث     DR AbdElwahab Library DR AbdElwahab Library 10/08/2025   011.31 م ط ي 000020065 10/08/2025 10/08/2025 Books
    Dewey Decimal Classification الجزء الأول     DR AbdElwahab Library DR AbdElwahab Library 10/10/2025   011.31 م ط ي 000020115 10/10/2025 10/10/2025 Books
    Dewey Decimal Classification الجزء الثاني     DR AbdElwahab Library DR AbdElwahab Library 10/10/2025   011.31 م ط ي 000020116 10/10/2025 10/10/2025 Books
    Dewey Decimal Classification الجزء الثالث     DR AbdElwahab Library DR AbdElwahab Library 10/10/2025   011.31 م ط ي 000020117 10/10/2025 10/10/2025 Books